| 000 | 00527nam a2200205 a 4500 | ||
|---|---|---|---|
| 005 | 20221116063445.0 | ||
| 008 | 991125s1996 mx 000 0 spa u | ||
| 020 | _a9682978157 | ||
| 035 | _aUPN01000014821 | ||
| 049 | _aI | ||
| 050 | 4 | _aPZ74.9 R6.3 | |
| 100 | 1 | _aRodríguez, Ruth | |
| 245 | 1 | 0 | _aDía de tianguis |
| 260 |
_aMéxico : _bCONAFE, _c1996 |
||
| 300 |
_a[31] p. : _btodas il., col |
||
| 440 | 0 | _aMira un cuento | |
| 650 | 4 |
_aCuentos infantiles _96744 |
|
| 650 | 2 |
_aLibros ilustrados _99170 |
|
| 905 | _aInfantil | ||
| 999 |
_c14821 _d14821 |
||